| 000 | 00498nam a2200205Ia 4500 | ||
|---|---|---|---|
| 008 | 170918s9999 xx 000 0 und d | ||
| 020 | _a9780545662307 | ||
| 050 | _bD716 1987 | ||
| 100 | _aDorros, Arthur | ||
| 245 | _aAnt cities / | ||
| 245 | _cArthur Dorros. | ||
| 260 | _aNew York : | ||
| 260 | _bScholastic, | ||
| 260 | _c1987 | ||
| 300 | _a28 pages : | ||
| 300 | _bcolored illustration ; | ||
| 300 | _c20cm. | ||
| 440 | _aLet's read-and-find-out science stage 2. | ||
| 500 | _a600 | ||
| 999 |
_c341749 _d341749 |
||